[Event "Druzynowe Mistrzostwa Polski Juniorow 2019 - II Liga"]
[Site "Szczyrk"]
[Date "1899-12-30"]
[Round "8.12"]
[White "Krzyzosiak, Anna"]
[Black "Slusarczyk, Anna"]
[Result "1-0"]
[WhiteTitle "I++"]
[BlackTitle "I"]
[WhiteElo "1546"]
[BlackElo "1328"]

1. e4 c5 2. Nf3 e6 3. d4 cxd4 4. Nxd4 a6 5. Bd3 Nf6 6. O-O Qc7 7. Qe2 d6 8. c4
Be7 9. Nc3 Nc6 10. Be3 Ne5 11. f4 Neg4 12. h3 Nxe3 13. Qxe3 e5 14. Nb3 Be6 15.
Nd5 Bxd5 16. exd5 O-O 17. fxe5 dxe5 18. c5 Bd8 19. d6 Qc6 20. Qxe5 Re8 21. Qf4
b6 22. cxb6 Bxb6+ 23. Kh1 Re3 24. Rf3 Rae8 25. Rc1 Qb7 26. Nc5 Bxc5 27. Rxc5 Rxf3
28. Qxf3 Qxb2 29. Bxa6 Qd2 30. Bd3 Re1+ 31. Kh2 Re3 32. Rc8+ Re8 33. Rxe8+ Nxe8
34. d7 Nc7 35. d8=R+ 1-0

[Event "Druzynowe Mistrzostwa Polski Juniorow 2019 - II Liga"]
[Site "Szczyrk"]
[Date "1899-12-30"]
[Round "8.13"]
[White "Grochol, Kamil"]
[Black "Gorkiewicz, Mateusz"]
[Result "1/2-1/2"]
[WhiteTitle "I"]
[BlackTitle "I"]
[WhiteElo "1714"]
[BlackElo "1985"]

1. d4 d5 2. c4 e6 3. Nc3 Nf6 4. cxd5 exd5 5. Bg5 Be7 6. e3 O-O 7. Bd3 Nbd7 8. Qc2
Re8 9. Nf3 Nf8 10. h3 c6 11. O-O Ne4 12. Bf4 Nxc3 13. bxc3 Bd6 14. Bxd6 Qxd6 15.
c4 dxc4 16. Bxc4 Be6 17. Rfc1 Rac8 18. Qb3 Rc7 19. Rc3 Rec8 20. Nd2 Bxc4 21. Nxc4
Qf6 22. Rac1 Ng6 23. Nd2 Nh4 24. Qd1 Qg6 25. Qg4 Qxg4 26. hxg4 Rd8 27. f4 Ng6
28. Kf2 f6 29. g3 Kf7 30. Nb3 Nf8 31. e4 Re7 32. Kf3 Rde8 33. Re1 Nd7 34. Nc5
Nxc5 35. Rxc5 Rd8 36. Rd1 Rde8 37. Re1 Rd8 38. Rd1 Rde8 39. e5 Rd8 40. Ke4 fxe5
41. fxe5 Ke6 42. Rf1 Red7 43. Rc4 h6 44. g5 hxg5 45. g4 Rh8 46. Rf5 1/2-1/2

[Event "Druzynowe Mistrzostwa Polski Juniorow 2019 - II Liga"]
[Site "Szczyrk"]
[Date "1899-12-30"]
[Round "8.14"]
[White "Lambrecht, Tomasz"]
[Black "Oles, Martin"]
[Result "1/2-1/2"]
[WhiteTitle "II+"]
[BlackTitle "I"]
[WhiteElo "1601"]
[BlackElo "1682"]

1. d4 e6 2. c4 d5 3. Nc3 Nf6 4. cxd5 exd5 5. Bg5 Be7 6. e3 c6 7. Bd3 h6 8. Bh4
O-O 9. Qc2 Be6 10. Nge2 Nbd7 11. O-O Ne8 12. Bg3 Bh4 13. b4 Bxg3 14. hxg3 Nd6
15. a4 Nf6 16. b5 Rc8 17. bxc6 Rxc6 18. a5 Nfe4 19. Qb2 Qc7 20. Rfc1 Rc8 21. Bxe4
Nxe4 22. Nxe4 dxe4 23. Rxc6 Qxc6 24. Rb1 Bd5 25. Rc1 Qd7 26. Rxc8+ Qxc8 27. Qc3
Qg4 28. Nf4 Bc6 29. d5 Bxd5 30. Qd4 Bc6 31. Qxa7 g5 32. Nh3 Qd1+ 33. Kh2 Qd5 34.
Qb6 Kh7 35. a6 1/2-1/2

[Event "Druzynowe Mistrzostwa Polski Juniorow 2019 - II Liga"]
[Site "Szczyrk"]
[Date "1899-12-30"]
[Round "8.15"]
[White "Jendrowiak, Maciej"]
[Black "Kolodziejski, Piotr"]
[Result "1-0"]
[WhiteTitle "II"]
[BlackTitle "I"]
[WhiteElo "1507"]
[BlackElo "1666"]

1. d4 Nf6 2. c4 e6 3. Nf3 b6 4. g3 Bb7 5. Bg2 Bb4+ 6. Nbd2 O-O 7. a3 Be7 8. O-O
d6 9. e3 Nbd7 10. b3 Re8 11. Bb2 Bf8 12. Qc2 Rb8 13. Rad1 c5 14. Rfe1 d5 15. dxc5
bxc5 16. Ne5 Nxe5 17. Bxe5 Bd6 18. Bxd6 Qxd6 19. e4 dxe4 20. Nxe4 Bxe4 21. Bxe4
Qb6 22. Re3 g6 23. Bf3 a5 24. Qc3 Kg7 25. g4 h6 26. h4 e5 27. g5 hxg5 28. hxg5
Nh7 29. Rdd3 Nxg5 30. Rxe5 Nxf3+ 31. Rxf3 Kf8 32. Rxe8+ Kxe8 33. Qe5+ Kf8 34.
Rh3 Qe6 35. Qxe6 fxe6 36. Rh8+ 1-0

[Event "Druzynowe Mistrzostwa Polski Juniorow 2019 - II Liga"]
[Site "Szczyrk"]
[Date "1899-12-30"]
[Round "8.16"]
[White "Musin, Pawel"]
[Black "Rzepka, Marcin"]
[Result "1-0"]
[WhiteTitle "II"]
[BlackTitle "II"]
[WhiteElo "1181"]
[BlackElo "1304"]

1. e4 e5 2. Nf3 Nc6 3. Bc4 Bc5 4. c3 Nf6 5. d3 d6 6. Nbd2 O-O 7. O-O Bd7 8. h3
h6 9. Re1 Bb6 10. Bb3 Ne7 11. Nf1 Ng6 12. Ng3 Qc8 13. d4 h5 14. h4 Bg4 15. Bg5
Nh7 16. Qd3 Nxg5 17. Nxg5 Nxh4 18. dxe5 dxe5 19. Qd5 c6 20. Qxe5 Ng6 21. Qd6 h4
22. Nxf7 Rxf7 23. Qxg6 Qd7 24. Qxf7+ Qxf7 25. Bxf7+ Kxf7 26. Nf5 Rh8 27. Ne3 Be6
28. Kf1 h3 29. gxh3 Rxh3 30. Ke2 Bxe3 31. fxe3 Rh2+ 32. Kd3 Rxb2 33. Reb1 Rxb1
34. Rxb1 b5 35. a3 Ke7 36. Kd4 g5 37. Kc5 g4 38. Kxc6 Bd7+ 39. Kd5 Be6+ 40. Ke5
Bc4 41. Rg1 Be2 42. Kf4 Ke6 43. Rh1 a5 44. Rh6+ Ke7 45. Ke5 Bc4 46. Rh7+ Ke8 47.
Rg7 Be2 48. Kf6 Bd1 49. e5 Bb3 50. e6 Kf8 51. Rxg4 Bd5 52. Rd4 Bc6 53. Rd8+ Be8
54. e7+ 1-0

[Event "Druzynowe Mistrzostwa Polski Juniorow 2019 - II Liga"]
[Site "Szczyrk"]
[Date "1899-12-30"]
[Round "8.17"]
[White "Kroliczek, Gabriela"]
[Black "Karlyk, Maria"]
[Result "1/2-1/2"]
[WhiteTitle "I++"]
[BlackTitle "I"]
[WhiteElo "1664"]
[BlackElo "1703"]

1. d4 d5 2. c4 e6 3. Nc3 Nf6 4. cxd5 exd5 5. Bg5 Be7 6. e3 b6 7. Bb5+ c6 8. Bd3
Bb7 9. Nf3 O-O 10. Qc2 h6 11. h4 Ba6 12. Bf5 Bc8 13. Bf4 Bxf5 14. Qxf5 Qd7 15.
Qc2 Qg4 16. Ne5 Qe6 17. O-O-O Nbd7 18. Nd3 Ne4 19. g4 c5 20. f3 cxd4 21. exd4
Nxc3 22. bxc3 Rfc8 23. Kd2 Re8 24. Rde1 Qc6 25. g5 h5 26. Be3 Rac8 27. Qb3 a5
28. a4 Qc4 29. Rb1 Bd6 30. Rhc1 Bg3 31. Rh1 1/2-1/2

[Event "Druzynowe Mistrzostwa Polski Juniorow 2019 - II Liga"]
[Site "Szczyrk"]
[Date "1899-12-30"]
[Round "8.18"]
[White "Krzyston, Katarzyna"]
[Black "Cieslak, Jessica"]
[Result "0-1"]
[WhiteTitle "II"]
[BlackTitle "I"]
[WhiteElo "1000"]
[BlackElo "1332"]

1. c4 c6 2. Nc3 d5 3. cxd5 cxd5 4. d4 Nc6 5. g3 Nf6 6. Bg2 Bf5 7. Bf4 e6 8. Nf3
Bd6 9. Bxd6 Qxd6 10. O-O h6 11. Nb5 Qd7 12. Qd2 a6 13. Nc3 O-O 14. Rac1 Rac8 15.
Qf4 Qe7 16. Ne5 Qb4 17. Nxc6 Rxc6 18. Qd2 Rfc8 19. a3 Qa5 20. Ra1 b5 21. b4 Qc7
22. Nd1 Rc2 23. Qe3 Qc4 24. Re1 Ng4 25. Qf3 Qxd4 26. e3 Qxa1 27. Bh3 Ne5 28. Qg2
Bxh3 29. Qxh3 Nf3+ 30. Kf1 Nxe1 31. Kxe1 Rc1 32. Qg4 Rxd1+ 33. Qxd1 Rc1 34. Qxc1
Qxc1+ 35. Ke2 Qxa3 36. f4 Qxb4 37. Kf3 Qe4+ 38. Ke2 b4 39. Kd2 b3 40. Kc1 Qc2#
0-1

[Event "Druzynowe Mistrzostwa Polski Juniorow 2019 - II Liga"]
[Site "Szczyrk"]
[Date "1899-12-30"]
[Round "8.19"]
[White "Majocha, Piotr"]
[Black "Sanz, Wawer Daniel"]
[Result "1/2-1/2"]
[WhiteTitle "I++"]
[BlackTitle "k"]
[WhiteElo "2005"]
[BlackElo "2154"]

1. c4 e5 2. Nc3 Nf6 3. Nf3 Nc6 4. d4 d6 5. dxe5 Nxe5 6. Nxe5 dxe5 7. Qxd8+ Kxd8
8. Bg5 c6 9. O-O-O Kc7 10. Bxf6 gxf6 11. e3 f5 12. Bd3 Be6 13. b3 Bg7 14. Kc2
a6 15. a4 a5 16. g3 Bf6 17. f4 exf4 18. exf4 h5 19. h4 Bd4 20. Ne2 Be3 21. Rhf1
Rhg8 22. Rf3 Bc5 23. Kb2 Rge8 24. Nc3 Bd4 25. Be2 Bf6 26. Rfd3 Rh8 27. Kc2 Rag8
28. Re3 Rh7 29. Rdd3 Kb6 30. Bd1 Be7 31. Ne2 Bc5 32. Nd4 Rh6 33. Kc3 Bb4+ 34.
Kc2 Bc5 35. Kc3 Bc8 36. Rf3 Rhg6 37. Rfe3 Rh6 38. Rf3 Kc7 39. Kc2 Rd6 40. Ne2
Re6 41. Rf1 Rh6 1/2-1/2

[Event "Druzynowe Mistrzostwa Polski Juniorow 2019 - II Liga"]
[Site "Szczyrk"]
[Date "1899-12-30"]
[Round "8.20"]
[White "Golecki, Jan"]
[Black "Szydelko, Michal"]
[Result "1-0"]
[WhiteTitle "I++"]
[BlackTitle "I"]
[WhiteElo "1947"]
[BlackElo "1843"]

1. e4 c5 2. Nf3 d6 3. d4 cxd4 4. Nxd4 Nf6 5. Nc3 e6 6. Be3 Be7 7. Be2 O-O 8. O-O
a6 9. f4 Qc7 10. Qe1 Nbd7 11. Qg3 Kh8 12. Bf3 Rb8 13. Rad1 Nb6 14. e5 Nfd5 15.
Bxd5 Nxd5 16. Nf5 Rg8 17. Nxd5 exd5 18. Nxe7 Qxe7 19. Rxd5 dxe5 20. Rxe5 Qb4 21.
Rh5 Qd6 22. Qh4 Qg6 23. f5 Bxf5 24. Rhxf5 Rbc8 25. c3 f6 26. Bd4 Rc6 27. R5f3
Re6 28. Rxf6 gxf6 29. Bxf6+ Rg7 30. Bxg7+ Kxg7 31. Qd4+ Kh6 32. Qf4+ Qg5 33. Qf8+
Qg7 34. Qxg7+ Kxg7 35. Rd1 Kg6 36. Kf2 Rb6 37. Rd2 Kf6 38. Kf3 Rb5 39. g4 h5 40.
h3 hxg4+ 41. hxg4 Kg5 42. c4 Rb6 43. Rd5+ Kg6 44. b3 Re6 45. Rd7 b6 46. b4 Rc6
47. Rd4 a5 48. a3 axb4 49. axb4 Re6 50. Kf4 Kg7 51. Kf5 Re1 52. Rd7+ Kg8 53. Rc7
Re2 54. b5 Re1 55. Rc6 Rc1 56. Kg6 Kf8 57. g5 Rc2 58. Rc7 Rc1 59. c5 bxc5 60.
b6 1-0

[Event "Druzynowe Mistrzostwa Polski Juniorow 2019 - II Liga"]
[Site "Szczyrk"]
[Date "1899-12-30"]
[Round "8.21"]
[White "Bochenek, Ryszard"]
[Black "Kazmierowski, Tymon"]
[Result "1-0"]
[WhiteTitle "II"]
[BlackTitle "II"]
[WhiteElo "1362"]
[BlackElo "1537"]

1. Nf3 Nf6 2. g3 g6 3. Bg2 Bg7 4. d4 O-O 5. O-O d6 6. c4 Nbd7 7. Nc3 e5 8. e4 a5
9. Re1 exd4 10. Nxd4 Nc5 11. h3 Nfd7 12. Be3 Ne5 13. Bf1 Bd7 14. f4 Nc6 15. Qd2
Re8 16. Bf2 Nxd4 17. Bxd4 Bc6 18. Bxg7 Kxg7 19. Qd4+ Kg8 20. Nd5 Bxd5 21. cxd5
Qd7 22. Rad1 Re7 23. e5 b6 24. g4 Rae8 25. a3 dxe5 26. fxe5 Nb3 27. Qc3 a4 28.
e6 fxe6 29. dxe6 Qc8 30. Bb5 Rf8 31. Rd7 Rxd7 32. exd7 Qd8 33. Bc4+ 1-0

[Event "Druzynowe Mistrzostwa Polski Juniorow 2019 - II Liga"]
[Site "Szczyrk"]
[Date "1899-12-30"]
[Round "8.22"]
[White "Wolski, Michal"]
[Black "Szuber, Dawid"]
[Result "1-0"]
[WhiteTitle "II"]
[BlackTitle "II"]
[WhiteElo "1454"]
[BlackElo "1340"]

1. e4 c5 2. Nf3 d6 3. d4 cxd4 4. Qxd4 Nc6 5. Bb5 a6 6. Bxc6+ bxc6 7. Nc3 Nf6 8.
Bg5 Nd7 9. O-O-O h6 10. Be3 Rb8 11. Qd3 e6 12. Rhe1 Be7 13. Nd4 Qc7 14. f4 a5
15. Nb3 Ra8 16. a4 Ba6 17. Qd2 Rg8 18. Qf2 Rb8 19. Qg3 Bc4 20. Nd2 Ba6 21. b3
Bf6 22. Ndb1 c5 23. f5 Be5 24. Bf4 Ke7 25. Bxe5 Nxe5 26. Na3 Rb6 27. Nab5 Bxb5
28. Nxb5 Qb8 29. Qh3 Rd8 30. Rf1 exf5 31. Qxf5 g6 32. Qf6+ Kf8 33. Nc3 c4 34.
Nd5 Rb7 35. Qh8# 1-0

[Event "Druzynowe Mistrzostwa Polski Juniorow 2019 - II Liga"]
[Site "Szczyrk"]
[Date "1899-12-30"]
[Round "8.23"]
[White "Wasala, Wiktoria"]
[Black "Trzaskowska, Hanna"]
[Result "0-1"]
[WhiteTitle "I"]
[BlackTitle "I"]
[WhiteElo "1515"]
[BlackElo "1628"]

1. e4 e5 2. Nc3 Nc6 3. Nf3 Nf6 4. d4 exd4 5. Nxd4 Bb4 6. Nxc6 bxc6 7. Bd3 O-O 8.
O-O d5 9. e5 Ng4 10. Bf4 f6 11. exf6 Qxf6 12. Bg3 Bd6 13. Qe2 Bxg3 14. fxg3 Qd4+
15. Kh1 Nf2+ 16. Rxf2 Qxf2 17. Qh5 g6 18. Qh6 Qf7 19. h4 Qg7 20. Qg5 Bf5 21. Re1
Rae8 22. Rxe8 Rxe8 23. Kh2 Qe7 24. Bxf5 Qxg5 25. hxg5 gxf5 26. Kg1 Re1+ 27. Kf2
Rc1 28. Ke3 Rxc2 29. Kd4 Rxb2 30. Ke5 Rxg2 31. Kxf5 Rxg3 0-1

[Event "Druzynowe Mistrzostwa Polski Juniorow 2019 - II Liga"]
[Site "Szczyrk"]
[Date "1899-12-30"]
[Round "8.25"]
[White "Tustanowski, Mateusz"]
[Black "Hrymowicz, Artur"]
[Result "1/2-1/2"]
[WhiteTitle "I++"]
[BlackTitle "I++"]
[WhiteElo "1948"]
[BlackElo "2052"]

1. e4 c5 2. c4 e6 3. Nc3 Nc6 4. g3 Nge7 5. Bg2 g6 6. Nge2 Bg7 7. O-O O-O 8. d3
Nd4 9. Rb1 Nec6 10. a3 a5 11. Be3 d6 12. Bxd4 Nxd4 13. Nxd4 Bxd4 14. Nb5 Bg7 15.
b4 axb4 16. axb4 b6 17. e5 d5 18. f4 Ra6 19. Nd6 dxc4 20. dxc4 Qc7 21. b5 Ra7
22. Ra1 Rxa1 23. Qxa1 f6 24. Nxc8 Qxc8 25. exf6 Bxf6 26. Qb1 Qd8 27. Rd1 Bd4+
28. Kh1 Qf6 29. Qe4 e5 30. fxe5 Qxe5 31. Qxe5 Bxe5 32. Rd7 Rc8 33. Bd5+ Kh8 34.
Kg2 Rf8 35. Rb7 Rb8 36. Re7 Bf6 37. Rf7 Bg7 38. Kf3 Rf8 39. Rxf8+ Bxf8 40. Ke4
Bg7 41. Be6 Bc3 1/2-1/2

[Event "Druzynowe Mistrzostwa Polski Juniorow 2019 - II Liga"]
[Site "Szczyrk"]
[Date "1899-12-30"]
[Round "8.26"]
[White "Jordan, Adam"]
[Black "Kukula, Karol"]
[Result "1/2-1/2"]
[WhiteTitle "I+"]
[BlackTitle "I"]
[WhiteElo "1974"]
[BlackElo "1770"]

1. d4 Nf6 2. c4 e6 3. Nc3 Bb4 4. Nf3 b6 5. e3 Bb7 6. Be2 O-O 7. O-O Bxc3 8. bxc3
d6 9. a4 Nbd7 10. a5 bxa5 11. Rxa5 c5 12. Ra2 Qc7 13. Nd2 Nb6 14. Bd3 Rfe8 15.
f4 d5 16. Ra5 cxd4 17. cxd4 dxc4 18. Rc5 Qd7 19. Nxc4 Nxc4 20. Bxc4 Rec8 21. Rxc8+
Rxc8 22. Bd3 Qc6 23. Qe2 Ne4 24. Bd2 f5 25. Ra1 Nxd2 26. Qxd2 a6 27. Rb1 Ba8 28.
Ra1 Bb7 29. Rb1 Ba8 30. Ra1 Bb7 31. Rb1 1/2-1/2

[Event "Druzynowe Mistrzostwa Polski Juniorow 2019 - II Liga"]
[Site "Szczyrk"]
[Date "1899-12-30"]
[Round "8.27"]
[White "Pisarek, Jan"]
[Black "Taranowicz, Michal"]
[Result "0-1"]
[WhiteTitle "I"]
[BlackTitle "I"]
[WhiteElo "1616"]
[BlackElo "1630"]

1. e4 d6 2. d4 g6 3. Bd3 Bg7 4. c3 Nf6 5. h3 O-O 6. Nf3 Nc6 7. O-O e5 8. dxe5 dxe5
9. Bg5 h6 10. Bh4 g5 11. Bg3 Qe7 12. Qe2 Nh5 13. Bh2 Nf4 14. Bxf4 exf4 15. Re1
Re8 16. Nbd2 h5 17. Kf1 g4 18. Ng1 Qh4 19. f3 Ne5 20. Bc2 Re6 21. Qf2 Qg5 22.
Ke2 gxf3+ 23. Ngxf3 Nxf3 24. gxf3 Qb5+ 25. Bd3 Qxb2 26. Rad1 Qxc3 27. Rg1 Rg6
28. Rxg6 fxg6 29. Rg1 Qf6 30. Nc4 Qf7 31. Qg2 Kh7 32. h4 Be6 33. e5 Bxc4 0-1

[Event "Druzynowe Mistrzostwa Polski Juniorow 2019 - II Liga"]
[Site "Szczyrk"]
[Date "1899-12-30"]
[Round "8.28"]
[White "Kitewski, Bartosz"]
[Black "Duda, Leon"]
[Result "1-0"]
[WhiteTitle "II"]
[BlackTitle "II"]
[WhiteElo "1447"]
[BlackElo "1272"]

1. d4 Nf6 2. c4 e6 3. Nc3 Bb4 4. Qc2 b6 5. Nf3 Bb7 6. Bg5 h6 7. Bh4 g5 8. Bg3 d6
9. e3 Ne4 10. Bd3 f5 11. O-O-O Bxc3 12. bxc3 Nd7 13. Qb3 Qf6 14. c5 dxc5 15. Bxc7
Nxf2 16. Bb5 Bd5 17. Qa4 Bxf3 18. Bxd7+ Ke7 19. Be5 Qf7 20. gxf3 Rhg8 21. Qc6
Qg6 22. Qc7 1-0

[Event "Druzynowe Mistrzostwa Polski Juniorow 2019 - II Liga"]
[Site "Szczyrk"]
[Date "1899-12-30"]
[Round "8.29"]
[White "Pisarek, Elzbieta"]
[Black "Bohdanowicz, Nikola"]
[Result "1-0"]
[WhiteTitle "I"]
[BlackTitle "I"]
[WhiteElo "1605"]
[BlackElo "1266"]

1. e4 c5 2. Nf3 Nc6 3. d4 cxd4 4. Nxd4 e5 5. Nb5 d6 6. c4 Nf6 7. N1c3 a6 8. Na3
Be6 9. Nc2 Be7 10. Be2 O-O 11. O-O Nd7 12. Be3 g6 13. Nd5 f5 14. Bh6 Rf7 15. exf5
Bxf5 16. Nce3 Nd4 17. f4 Nxe2+ 18. Qxe2 Be6 19. Rad1 Bf8 20. Bg5 Qb8 21. fxe5
Nxe5 22. Rxf7 Nxf7 23. Bf6 Bxd5 24. Nxd5 Qe8 25. Qf2 Qc6 26. Qf4 Re8 27. Rf1 Qd7
28. Bd4 Bg7 29. Bxg7 Kxg7 30. Nf6 Qe6 31. Nxe8+ Qxe8 32. Qf6+ Kg8 33. b4 Qd7 34.
h3 d5 35. Qd4 Qe7 36. Qxd5 Kg7 37. Qxf7+ Qxf7 38. Rxf7+ Kxf7 39. Kf2 Ke6 40. Ke3
Ke5 41. a4 h6 42. g3 g5 43. g4 b6 44. a5 bxa5 45. bxa5 Ke6 46. Ke4 Kd6 47. Kd4
Kc6 48. c5 Kc7 49. Kd5 Kd7 50. c6+ Kc7 51. Kc5 Kc8 52. Kb6 Kb8 53. Kxa6 Kc8 54.
Kb6 Kb8 55. c7+ Kc8 56. a6 1-0

[Event "Druzynowe Mistrzostwa Polski Juniorow 2019 - II Liga"]
[Site "Szczyrk"]
[Date "1899-12-30"]
[Round "8.30"]
[White "Filipiak, Magdalena"]
[Black "Bialek, Alicja"]
[Result "0-1"]
[WhiteTitle "I"]
[BlackTitle "I"]
[WhiteElo "1168"]
[BlackElo "1367"]

1. e4 c5 2. Nf3 d6 3. d4 cxd4 4. Nxd4 Nf6 5. Nc3 g6 6. Be3 Bg7 7. f3 Nc6 8. Qd2
O-O 9. Bc4 Bd7 10. g4 Ne5 11. Bb3 Nfxg4 12. fxg4 Bxg4 13. Qf2 a6 14. Nce2 Qa5+
15. c3 Nd3+ 16. Kf1 Nxf2 17. Bxf2 e5 18. Nc2 Bf3 19. Rg1 Bxe4 20. h4 Qb5 21. h5
Bd3 22. Ke1 Bxe2 23. hxg6 hxg6 24. Rxg6 Bh5 25. Rxg7+ Kxg7 26. a4 Qe2# 0-1

[Event "Druzynowe Mistrzostwa Polski Juniorow 2019 - II Liga"]
[Site "Szczyrk"]
[Date "1899-12-30"]
[Round "8.31"]
[White "Rudzinska, Michalina"]
[Black "Mazurek, Bartosz"]
[Result "1/2-1/2"]
[WhiteTitle "WFM"]
[BlackTitle "I"]
[WhiteElo "2143"]
[BlackElo "1857"]

1. e4 c6 2. d4 d5 3. Nc3 dxe4 4. Nxe4 Nf6 5. Nxf6+ exf6 6. c3 Bd6 7. Bd3 O-O 8.
Ne2 Re8 9. O-O Nd7 10. Bf4 Nf8 11. Bxd6 Qxd6 12. Ng3 g6 13. Ne4 Qd8 14. Re1 Kg7
15. Qd2 Qc7 16. h4 Ne6 17. h5 h6 18. Ng3 Bd7 19. hxg6 fxg6 20. Bxg6 Kxg6 21. Qd3+
Kf7 22. Qh7+ Ng7 23. Nh5 Rg8 24. Nxg7 Rxg7 25. Re7+ Kxe7 26. Qxg7+ Kd8 27. Qf8+
Be8 28. Re1 Qf7 29. Qd6+ Bd7 30. f4 f5 31. Re3 Rc8 32. c4 b6 33. b3 Rc7 34. Kf2
h5 35. a4 h4 36. a5 bxa5 37. Kg1 Kc8 38. Re7 Qh5 39. d5 Qd1+ 40. Kh2 cxd5 41.
Qa6+ Kb8 42. Qd6 Kc8 43. Qa6+ Kd8 44. Qf6 Kc8 1/2-1/2

[Event "Druzynowe Mistrzostwa Polski Juniorow 2019 - II Liga"]
[Site "Szczyrk"]
[Date "1899-12-30"]
[Round "8.32"]
[White "Kebel, Bartosz"]
[Black "Wierzbicki, Michal"]
[Result "1-0"]
[WhiteTitle "II"]
[BlackTitle "I+"]
[WhiteElo "1463"]
[BlackElo "2007"]

1. a3 Nf6 2. Nf3 e6 3. g3 b6 4. Bg2 Bb7 5. O-O Be7 6. d3 d5 7. Nbd2 c5 8. c4 Nc6
9. Rb1 O-O 10. Qa4 a5 11. Qc2 Qc7 12. b3 Rad8 13. Bb2 d4 14. Ba1 h6 15. e3 e5
16. exd4 cxd4 17. Bb2 Bc8 18. Rfe1 Rfe8 19. Re2 Bd6 20. Rbe1 Bf5 21. Nh4 Bg4 22.
Nhf3 g5 23. h3 Bh5 24. g4 Bg6 25. Nh2 e4 26. Nhf1 Ne5 27. Nxe4 Nxe4 28. Rxe4 Bxe4
29. Rxe4 Ng6 30. Qe2 Rxe4 31. Bxe4 Qe7 32. Bxd4 Bh2+ 33. Kxh2 Rxd4 34. Ng3 Nf4
35. Bh7+ Kf8 36. Qxe7+ Kxe7 37. Nf5+ Kf6 38. Nxd4 Ke5 39. Nf3+ Kd6 40. b4 axb4
41. axb4 Ne2 42. Nd2 Ke5 43. Nb3 Kd6 44. d4 1-0

[Event "Druzynowe Mistrzostwa Polski Juniorow 2019 - II Liga"]
[Site "Szczyrk"]
[Date "1899-12-30"]
[Round "8.33"]
[White "Czarniecki, Pawel"]
[Black "Sleczka, Krzysztof"]
[Result "1-0"]
[WhiteTitle "II"]
[BlackTitle "II"]
[WhiteElo "1508"]
[BlackElo "1191"]

1. e4 e5 2. Nf3 Nc6 3. d4 exd4 4. Nxd4 Nf6 5. Nxc6 bxc6 6. Bd3 d5 7. exd5 cxd5
8. O-O Bc5 9. Re1+ Be6 10. Bb5+ Nd7 11. Qxd5 O-O 12. Qf3 Rb8 13. Bd3 Re8 14. Rd1
Rb4 15. h3 Qe7 16. c3 Rbb8 17. b4 Bb6 18. Bf4 h6 19. Nd2 a5 20. a3 Nf6 21. Ne4
axb4 22. Nxf6+ Qxf6 23. cxb4 g5 24. Bg3 Qxf3 25. gxf3 Ra8 26. Be4 Ra7 27. Kg2
f5 28. Bc6 Rf8 29. f4 Kg7 30. fxg5 hxg5 31. Be5+ Kg6 32. a4 g4 33. hxg4 fxg4 34.
Rd2 Kf5 35. Bc3 Rc8 36. a5 Kg5 37. axb6 Rxa1 38. Bxa1 cxb6 39. b5 Kf5 40. Re2
Rd8 41. Re5+ Kf6 42. Rd5+ Ke7 43. Bf6+ 1-0

[Event "Druzynowe Mistrzostwa Polski Juniorow 2019 - II Liga"]
[Site "Szczyrk"]
[Date "1899-12-30"]
[Round "8.34"]
[White "Uhryn, Mateusz"]
[Black "Pieczulis, Blazej"]
[Result "1/2-1/2"]
[WhiteTitle "II"]
[BlackTitle "I"]
[WhiteElo "1321"]
[BlackElo "1480"]

1. c4 c5 2. Nc3 Nc6 3. g3 g6 4. Bg2 Bg7 5. e3 Nf6 6. Nge2 Ne5 7. d3 O-O 8. O-O
d6 9. b3 Rb8 10. f4 Ned7 11. d4 a6 12. a4 b6 13. Rb1 Bb7 14. d5 Qc7 15. e4 e6
16. Be3 Ng4 17. Bd2 Rbe8 18. h3 Ngf6 19. g4 h6 20. Ng3 e5 21. g5 Nh7 22. gxh6
Bxh6 23. f5 Bg7 24. Qc1 Ndf6 25. h4 Qe7 26. Bg5 Qd7 27. Bh6 Qe7 28. Bg5 Qd7 29.
Rb2 Bc8 30. Rbf2 Qc7 31. Qd1 Qd7 32. Be3 Qc7 33. h5 g5 34. Bh3 Kh8 35. Kh1 Rg8
36. Bg4 Bh6 37. Rg1 Bd7 38. Rfg2 Rg7 39. Nf1 Rb8 40. Nh2 Rbg8 41. Qd2 Qd8 42.
Bd1 Qe7 43. Ng4 Nxg4 44. Bxg4 f6 45. Rb1 a5 46. Nb5 Bxb5 47. axb5 Ra8 48. Ra1
Qd8 49. Ra4 Rga7 50. Rg1 Nf8 51. Rga1 Qc7 52. Qf2 Nd7 53. Kg2 1/2-1/2

[Event "Druzynowe Mistrzostwa Polski Juniorow 2019 - II Liga"]
[Site "Szczyrk"]
[Date "1899-12-30"]
[Round "8.35"]
[White "Choinska, Debora"]
[Black "Skiba, Aleksandra"]
[Result "1/2-1/2"]
[WhiteTitle "I++"]
[BlackTitle "I++"]
[WhiteElo "1737"]
[BlackElo "1795"]

1. e4 c6 2. d4 d5 3. Nc3 dxe4 4. Nxe4 Nf6 5. Nxf6+ exf6 6. c3 Bd6 7. Bd3 O-O 8.
Ne2 Re8 9. Qc2 h6 10. O-O Nd7 11. Be3 Nf8 12. Rfe1 Qc7 13. Ng3 Be6 14. b3 Rad8
15. Rad1 Bg4 16. Be2 Bxe2 17. Rxe2 Ng6 18. Rde1 Bxg3 19. hxg3 Qd7 20. Bc1 Nf8
21. Ba3 Rxe2 22. Qxe2 Ne6 23. Qc2 Qd5 24. Be7 Re8 25. Ba3 Nc7 26. Rxe8+ Nxe8 27.
Qe2 Qe6 28. Kf1 Nc7 29. Qxe6 fxe6 30. c4 Kf7 31. Ke2 g5 32. g4 Kg6 33. Ke3 f5
34. gxf5+ Kxf5 35. f3 h5 36. Be7 Ne8 37. a3 Nc7 38. Bd6 Ne8 39. Bb8 a6 40. Be5
h4 41. b4 b5 42. cxb5 cxb5 43. Kd3 Nf6 44. Bxf6 1/2-1/2

[Event "Druzynowe Mistrzostwa Polski Juniorow 2019 - II Liga"]
[Site "Szczyrk"]
[Date "1899-12-30"]
[Round "8.36"]
[White "Luniewska, Daria"]
[Black "Walendykiewicz, Martyna"]
[Result "1/2-1/2"]
[WhiteTitle "II+"]
[BlackTitle "I"]
[WhiteElo "1335"]
[BlackElo "1221"]

1. d4 d5 2. Bf4 Bf5 3. Nf3 e6 4. e3 Nd7 5. Bd3 Bxd3 6. Qxd3 Ngf6 7. Nbd2 Bb4 8.
c3 Be7 9. O-O Nh5 10. Bg3 O-O 11. e4 dxe4 12. Qxe4 c6 13. Bh4 Bxh4 14. Qxh4 Qxh4
15. Nxh4 Nhf6 16. Rfe1 Nb6 17. Nhf3 Rad8 18. Nb3 Nc4 19. Rab1 Nd7 20. Nfd2 Nxd2
21. Nxd2 c5 22. Nb3 cxd4 23. Nxd4 a6 24. Red1 Nc5 25. Kf1 Na4 26. Ke1 Rd7 27.
Ne2 Rfd8 28. Rxd7 Rxd7 29. b3 Nc5 30. f3 Nd3+ 31. Kf1 Ne5 32. Ke1 Nd3+ 33. Kf1
Kf8 34. Rd1 Ke7 35. Nd4 Nf4 36. c4 Ke8 37. g3 Nh5 38. Ke2 Nf6 39. Nc2 Ke7 40.
Rxd7+ Nxd7 41. f4 Nc5 42. Ke3 Kd6 43. g4 g6 44. g5 e5 45. Nb4 exf4+ 46. Kxf4 Ne6+
47. Kg4 Nc7 48. h3 Kc5 49. Nd3+ Kd4 50. Nb4 Ke5 51. Nd3+ Kd4 52. Nb4 Ke5 53. Nd3+
1/2-1/2

[Event "Druzynowe Mistrzostwa Polski Juniorow 2019 - II Liga"]
[Site "Szczyrk"]
[Date "1899-12-30"]
[Round "8.37"]
[White "Piekielny, Pawel"]
[Black "Luczak, Filip"]
[Result "0-1"]
[WhiteTitle "I++"]
[BlackTitle "CM"]
[WhiteElo "1985"]
[BlackElo "2144"]

1. e4 c5 2. Nf3 d6 3. d4 cxd4 4. Nxd4 Nf6 5. Nc3 a6 6. Bg5 Nbd7 7. a4 Qc7 8. a5
e6 9. Be2 Be7 10. Nb3 Ne5 11. Be3 Bd7 12. Nd2 Rc8 13. f4 Ng6 14. O-O d5 15. e5
Ne4 16. Ndxe4 dxe4 17. Qd4 Nh4 18. Bf2 O-O 19. Nxe4 Nf5 20. Qc3 Qxc3 21. bxc3
Bc6 22. Bf3 Bd5 23. Rfd1 Rc4 24. Nd6 Nxd6 25. exd6 Bxd6 26. Bxd5 exd5 27. Rxd5
Bxf4 28. Rb1 Rc7 29. g3 Bh6 30. Bd4 f6 31. Rd6 Re8 32. Kf2 Kf7 33. Rdb6 Ree7 34.
Kf3 Bd2 35. R6b3 h5 36. Rd1 Bh6 37. h3 Bg5 38. Rdb1 h4 39. g4 Ke8 40. Rd1 Rcd7
41. Rbb1 Kd8 42. Bb6+ Kc8 43. Rxd7 Kxd7 44. Rd1+ Kc6 45. c4 g6 46. Rd8 Rg7 47.
Rc8+ Kd6 48. Ke4 Re7+ 49. Kd3 Ke5 50. Bc7+ Ke6 51. Bb6 f5 52. gxf5+ gxf5 53. Rc7
Rxc7 54. Bxc7 Kd7 55. Bb6 Bf4 56. Ke2 Bc7 57. Bf2 Bxa5 58. Bxh4 Bc3 59. Kd3 Be5
60. Be1 Ke6 61. Bd2 Bg3 62. Ke3 Kf6 63. Kf3 Bc7 64. Bb4 a5 65. Ba3 Be5 66. Ke3
Kg5 67. Kf3 Kh4 68. Kg2 Bf6 69. Kf3 Bg5 70. Kg2 a4 71. Kh2 Be3 72. Kg2 b6 73.
Kf3 Bc5 74. Bb2 Bd6 75. Kg2 a3 76. Bf6+ Kh5 77. Kf3 Kg6 78. Bd4 Bc5 79. Be5 Be7
80. Ba1 Bf6 81. c3 Bg5 82. Ke2 Bc1 83. Kd1 Bb2 84. Bxb2 axb2 85. Kc2 f4 86. Kxb2
f3 0-1

[Event "Druzynowe Mistrzostwa Polski Juniorow 2019 - II Liga"]
[Site "Szczyrk"]
[Date "1899-12-30"]
[Round "8.38"]
[White "Majewski, Krzysztof"]
[Black "Golinski, Kacper"]
[Result "1/2-1/2"]
[WhiteTitle "I"]
[BlackTitle "I"]
[WhiteElo "1719"]
[BlackElo "1761"]

1. c4 e6 2. Nc3 d5 3. cxd5 exd5 4. d4 Nf6 5. Bg5 Be7 6. e3 c6 7. Bd3 O-O 8. Nge2
Re8 9. O-O Nbd7 10. Qc2 Nf8 11. Rad1 Be6 12. Rfe1 Bd6 13. Bf4 Ng6 14. Bxd6 Qxd6
15. Ng3 Ne7 16. a3 b5 17. e4 dxe4 18. Ncxe4 Nxe4 19. Nxe4 Qf4 20. Ng3 h6 21. Qc5
Rad8 22. b4 Qd6 23. Be4 Kf8 24. Qc3 Bd5 25. Bc2 g6 26. Qd2 Kg7 27. Qc3 Kf8 28.
Qd2 Kg7 29. Qc3 Kf8 30. Qd2 Kg7 31. Qc3 1/2-1/2